The glass house : the United Nations in action.

محفوظ في:
التفاصيل البيبلوغرافية
المؤلف الرئيسي: Wadsworth, James Jeremiah, 1905-
التنسيق: كتاب
اللغة:English
منشور في: New York : F. A. Praeger, [1966].
الموضوعات:
LEADER 00767nam a2200205 i 4500
001 c000258958
003 CARM
005 00000000000000.0
008 840311s1966 nyu 0 eng d
019 1 |a 649639  |z 42454463  |5 LACONCORD2021 
035 |a (OCoLC)965385  |5 LACONCORD2021 
082 0 4 |a 341.13 
100 1 |a Wadsworth, James Jeremiah,  |d 1905- 
245 1 4 |a The glass house :  |b the United Nations in action. 
260 |a New York :  |b F. A. Praeger,  |c [1966]. 
300 |a xiv, 224 p. :  |b illus ;  |c 22 cm. 
610 2 0 |a United Nations. 
852 8 |b CARM  |h A2:AP35G0  |i B07695  |p 0334482  |f BK 
999 f f |i 8395c8fe-c5b0-58be-a729-7bb9e2328f0b  |s 6b103236-1e8d-57cc-8b28-ba4332458c72 
952 f f |p Can circulate  |a CAVAL  |b CAVAL  |c CAVAL  |d CARM 1 Store  |e B07695  |f A2:AP35G0  |h Other scheme  |i book  |m 0334482